Islam : (Record no. 347494)
[ view plain ]
| 000 -LEADER | |
|---|---|
| fixed length control field | 00466 a2200145 4500 |
| 020 ## - INTERNATIONAL STANDARD BOOK NUMBER | |
| International Standard Book Number | 0907052428 (paperback) |
| 020 ## - INTERNATIONAL STANDARD BOOK NUMBER | |
| International Standard Book Number | 9780907052425 (paperback) |
| 090 ## - LOCALLY ASSIGNED LC-TYPE CALL NUMBER (OCLC); LOCAL CALL NUMBER (RLIN) | |
| -- | 5071 |
| -- | 5071 |
| 100 1# - MAIN ENTRY--PERSONAL NAME | |
| Personal name | Rahman, Afzalur. |
| 245 10 - TITLE STATEMENT | |
| Title | Islam : |
| Remainder of title | belief and practice / |
| Statement of responsibility, etc. | Afzalur Rahman. |
| 260 ## - PUBLICATION, DISTRIBUTION, ETC. | |
| Place of publication, distribution, etc. | [S.l.] : |
| Name of publisher, distributor, etc. | Seerah Foundation, |
| Date of publication, distribution, etc. | 1991. |
| 300 ## - PHYSICAL DESCRIPTION | |
| Extent | 271 p. |
| 856 40 - ELECTRONIC LOCATION AND ACCESS | |
| Materials specified | Amazon.com |
| Uniform Resource Identifier | <a href="http://www.amazon.com/exec/obidos/ASIN/0907052428/chopaconline-20">http://www.amazon.com/exec/obidos/ASIN/0907052428/chopaconline-20</a> |
| 942 ## - ADDED ENTRY ELEMENTS (KOHA) | |
| Institution code [OBSOLETE] | NBS |
| Koha item type | Book |
| Call number prefix | 297.1 AFZ |
| Withdrawn status | Lost status | Damaged status | Not for loan | Permanent Location | Current Location | Shelving location | Date acquired | Total Checkouts | Full call number | Barcode | Date last seen | Date last checked out | Price effective from | Koha item type |
|---|---|---|---|---|---|---|---|---|---|---|---|---|---|---|
| Central Library (CL) | Central Library (CL) | First Floor - Islam | 08/28/2013 | 2 | 297.1 AFZ | NBS1733 | 01/30/2019 | 01/28/2019 | 08/28/2013 | Book |
